000 01561cam a2200133 4500500
005 20251214002833.0
041 _afre
042 _adc
100 1 0 _aAumont, Jacques
_eauthor
245 0 0 _aIntroduction à la couleur : Des discours aux images
260 _bArmand Colin,
_c2020.
520 _aQu’est-ce que la couleur  ? À coup sûr, une composante essentielle de notre expérience visuelle, mais dont il n’est pas facile de parler  : elle est l’un des aspects du visible les plus chargés en expressivité potentielle, mais les langues pratiquées à la surface du globe, peinant à la désigner avec précision, lui confient des rôles symboliques multiples et variés. Conçu comme une introduction didactique, cet ouvrage offre un panorama aussi vaste et précis que possible des problèmes liés aux discours sur la couleur. On y verra que celle-ci est devenue, au fil des siècles, l’apanage d’un domaine avec lequel elle a fini par presque se confondre, la peinture, et par la suite les images photographiques et leur descendance. Comment la peinture a-t-elle acclimaté le monde de la couleur  ? Comment les créateurs ont-ils trouvé des lois pour régler son usage et théoriser sa valeur  ? Comment cela s’est-il formalisé dans d’autres discours, esthétiques, poétiques, critiques  ? Telle est la visée de ce livre unique et passionnant qui initie ainsi à l’analyse de la couleur dans les images.
856 4 1 _uhttps://shs.cairn.info/introduction-a-la-couleur--9782200628611?lang=fr&redirect-ssocas=7080
999 _c1567540
_d1567540